Представление документа в формате RUSMARC

ПолеНазваниеЗначение
  Тип записи a
  Библиографический уровень c
001 Контрольный номер RU/IS/BASE/444240151
005 Дата корректировки 20201206204440.2
010 Индекс ISBN __
d Цена 0-34; 0-31
101 Язык документа 0_
a Язык текста rus
200 Заглавие и сведения об ответственности 1_
a Заглавие Мама
f Первые сведения об ответственности сост.: В. Гиленко, И. Векшегонова
b Общее обозначение материала Текст
205 Сведения об издании __
a Основные сведения об издании 2-е изд.
210 Выходные данные __
a Место издания М.
c Издательство Молодая гвардия
d Дата издания 1975
215 Физическое описание __
a Объем 188 с.
c Иллюстрации/тип воспроизводства ил.
330 Аннотация __
a Аннотация Произведения русских и советских писателей о матери.
606 Тематические рубрики __
a Основная рубрика Художественная литература
z Хронологическая подрубрика 20 в.
y Географическая подрубрика Россия
606 Тематические рубрики __
a Основная рубрика Русская литература XX в. (произведения)
610 Ключевые слова __
a Ключевые слова проза; тема семьи; тема женщины; тема матерей
686 Индексы других классификаций __
a Классификационный индекс 84(2Рос=Рус)6-4
702 Вторичная интеллектуальная ответственность _1
a Фамилия Гиленко
b Имя В.
4 Код отношения Составитель
4 Код отношения 220
702 Вторичная интеллектуальная ответственность _1
a Фамилия Векшегонова
b Имя И.
4 Код отношения Составитель
4 Код отношения 220
801 Источник записи _0
a Страна RU
b Организация Муниципальное бюджетное учреждение культуры "Централизованная библиотечная система" г. Сургут (Центральная городская библиотека им. А. С. Пушкина)
g Правила каталогизации КиК/Лебедева
801 Источник записи _1
a Страна RU
b Организация Муниципальное бюджетное учреждение культуры "Централизованная библиотечная система" г. Сургут (Центральная городская библиотека им. А. С. Пушкина)
g Правила каталогизации КиК/Лебедева
852 Данные о местонахождении __
j Шифр хранения 84(2Рос=Рус)6-4
i Авторский знак М 22
p Инвентарный номер 38360(с); 69744(с)
901 Тип документа 1_
t Тип документа x
903 Характеристики (МАРС) __
a Дата передачи 20061215
969 Тип издания __
a Тип издания сборник
990 Данные о заказе (DOS) __
j Количество экземпляров (DOS) 2
t N записи в КСУ для И/У (DOS) ретро